| 000 | 00604nam a2200181 a 4500 | ||
|---|---|---|---|
| 008 | 120416s1981 ||||||||||||||||| || u | ||
| 020 | _a007070564x | ||
| 050 | _aHG 8054.5 Wil | ||
| 100 | _aWilliams, C. Arthur | ||
| 245 | 1 | 0 | _aRisk management and insurance. (4th ed.) |
| 250 | _a4th ed. | ||
| 260 |
_aNew York: _bMcGraw-Hill _c1981 |
||
| 300 | _axiii, 721p. : ill. | ||
| 350 | _a0.00 | ||
| 650 | _aINSURANCE, BUSINESS | ||
| 650 | 0 | _aRISK MANAGEMENT | |
| 995 |
_D0.00 _FCBU-MAIN LIBRARY (Kitwe) _H1 _I21.85 _UDAMAGED _ZMain Library Open Access Collection |
||
| 999 |
_c56578 _d56578 |
||